000
00313nam a22001457a 4500
008
210305b ||||| |||| 00| 0 eng d
020
_a
0471270350
041
_a
eng
080
_a
62
082
_a
62
100
_a
26
101
_a
MEK
245
_a
Introducion to fluid mechanics
_c
Fox, R.W
942
_2
udc
_c
BK
999
_c
55860
_d
55860